000 00264nam a2200109Ia 4500
008 190216s9999||||xx |||||||||||||| ||und||
100 _aSree Pathi Sreedevi
245 0 _aMalayalam-Innathe America
260 _bVidyarthimithram
650 _aMalayalam
942 _cBK
999 _c24295
_d24295